000 00625nam a2200205 a 4500
999 _c3497
_d3497
001 3497
003 BD-JhCC
005 20171114122902.0
008 171114s1966 bg |||| |||| 000 0 ben d
035 _a(BD-JhCC)
040 _aBD-JhCC
_dBD-JhCC
041 _aben
082 _a923.1
_bMIA 1966
100 _aমিয়া, বন্দে আলী
245 _aস্যার সৈয়দ আহমদ /
_cবন্দে আলী মিয়া
260 _aঢাকা:
_bআহমদ পাবলিশিং হাউস;
_c১৯৬৩
300 _a36 p.;
_c14 cm
650 _aBiography
942 _2ddc
_cBK